| Поле | Название | Значение |
| |
Тип записи |
a |
| |
Библиографический уровень |
m |
| 001 |
Контрольный номер |
72cdfe17bd6646fc984de26029d98627 |
| 005 |
Дата корректировки |
20260616095257.5 |
| 010 |
Индекс ISBN |
__ |
| a |
ISBN |
978-5-00250-315-5 |
| b |
Уточнения |
в пер. |
| 9 |
Тираж |
6000 экз. |
| d |
Цена |
704-49 |
| 100 |
Данные общей обработки |
__ |
| a |
Данные общей обработки |
20260610d2025 am y0rusy028902 ca |
| 101 |
Язык документа |
1_ |
| a |
Язык текста |
rus |
| c |
Язык оригинала |
fre |
| 102 |
Страна публикации |
__ |
| a |
Страна публикации |
RU |
| 105 |
Кодированные данные (монография) |
__ |
| a |
Кодированные данные (монография) |
y z 000ay |
| 181 |
Поле кодированных данных: вид содержания |
_0 |
| a |
Код вида содержания (ISBD) |
i |
| 182 |
Поле кодированных данных: тип средства |
_0 |
| a |
Код типа средства (ISBD) |
n |
| 200 |
Заглавие и сведения об ответственности |
1_ |
| a |
Заглавие |
Т. 1 |
| 203 |
Вид содержания и тип средства |
__ |
| a |
Вид содержания |
Текст |
| c |
Тип средства |
непосредственный |
| 210 |
Выходные данные |
1_ |
| d |
Дата издания |
2025 |
| 215 |
Физическое описание |
__ |
| a |
Объем |
510, [1] с. |
| d |
Формат |
21 см |
| 333 |
Примечание о целевом назначении |
__ |
| a |
Примечание о целевом назначении |
16+. Для детей старше 16 лет |
| 461 |
Уровень набора |
_0 |
| 1 |
|
700 1 |
| a |
|
Санд |
| b |
|
Ж. |
| g |
|
Жорж |
| f |
|
1804-1876 |
| 1 |
|
2001 |
| a |
|
Консуэло |
| e |
|
[роман] |
| f |
|
Жорж Санд |
| g |
|
перевод с французского Александры Бекетовой |
| v |
|
Т. 1 |
| 1 |
|
2101 |
| a |
|
Москва |
| c |
|
МИФ |
| d |
|
2025 |
| 1 |
|
00179c87fdc97624ebb9db95513a60fe352 |
| 1 |
|
203 |
| a |
|
Текст |
| c |
|
непосредственный |
| 1 |
|
2252 |
| a |
|
Вечные истории |
| 606 |
Тематические рубрики |
__ |
| 2 |
Код системы |
nlr_sh |
| a |
Основная рубрика |
Художественная литература |
| 606 |
Тематические рубрики |
__ |
| 2 |
Код системы |
nlr_sh |
| a |
Основная рубрика |
Литература Европы (произведения) |
| y |
Географическая подрубрика |
Франция |
| 610 |
Ключевые слова |
0_ |
| a |
Ключевые слова |
зарубежная литература |
| 610 |
Ключевые слова |
0_ |
| a |
Ключевые слова |
французская литература |
| 610 |
Ключевые слова |
0_ |
| a |
Ключевые слова |
французские романы |
| 610 |
Ключевые слова |
0_ |
| a |
Ключевые слова |
французская классика |
| 610 |
Ключевые слова |
0_ |
| a |
Ключевые слова |
зарубежная классика |
| 610 |
Ключевые слова |
0_ |
| a |
Ключевые слова |
женская проза |
| 610 |
Ключевые слова |
0_ |
| a |
Ключевые слова |
женские романы |
| 610 |
Ключевые слова |
0_ |
| a |
Ключевые слова |
романы |
| 610 |
Ключевые слова |
0_ |
| a |
Ключевые слова |
иностранная литература |
| 610 |
Ключевые слова |
0_ |
| a |
Ключевые слова |
тема искусства |
| 610 |
Ключевые слова |
0_ |
| a |
Ключевые слова |
тема театра |
| 610 |
Ключевые слова |
0_ |
| a |
Ключевые слова |
тема любви |
| 610 |
Ключевые слова |
0_ |
| a |
Ключевые слова |
любовные романы |
| 610 |
Ключевые слова |
0_ |
| a |
Ключевые слова |
любовные приключения |
| 610 |
Ключевые слова |
0_ |
| a |
Ключевые слова |
приключенческие романы |
| 610 |
Ключевые слова |
0_ |
| a |
Ключевые слова |
Консуэло |
| 686 |
Индексы других классификаций |
__ |
| 2 |
Код системы |
rubbks |
| a |
Классификационный индекс |
84(4Фра)52-4 |
| 801 |
Источник записи |
_0 |
| a |
Страна |
RU |
| b |
Организация |
Муниципальное бюджетное учреждение культуры "Централизованная библиотечная система" г. Сургут (Центральная городская библиотека им. А. С. Пушкина) |
| c |
Дата составления |
20260610 |
| g |
Правила каталогизации |
PSBO |
| 801 |
Источник записи |
_1 |
| a |
Страна |
RU |
| b |
Организация |
Муниципальное бюджетное учреждение культуры "Централизованная библиотечная система" г. Сургут (Центральная городская библиотека им. А. С. Пушкина) |
| c |
Дата составления |
20260610 |
| g |
Правила каталогизации |
PSBO |
| 852 |
Данные о местонахождении |
__ |
| i |
Авторский знак |
С 18 |
| j |
Шифр хранения |
84(4Фра)52-4 |
| 900 |
Макрообъекты |
__ |
| a |
Макрообъекты |
Консуэло. Санд, Ж.Т.1, 2025 |
| 901 |
Тип документа |
__ |
| t |
Тип документа |
n |
| w |
Контрольный № источника |
79c87fdc97624ebb9db95513a60fe352 |
| a |
Ответственный |
ООФиК/Губина |
| 901 |
Тип документа |
__ |
| a |
Ответственный |
7 партия |
| 903 |
Характеристики (МАРС) |
__ |
| c |
Наименование библиотеки (МАРС) |
Муниципальное бюджетное учреждение культуры "Централизованная библиотечная система" г. Сургут (Центральная городская библиотека им. А. С. Пушкина) |
| a |
Дата передачи |
20260610 |
| 969 |
Тип издания |
__ |
| a |
Тип издания |
Ф 26 |
| 990 |
Данные о заказе (DOS) |
__ |
| j |
Количество экземпляров (DOS) |
1 |
| t |
N записи в КСУ для И/У (DOS) |
202607 |